Antología crítica del relato infantil sudamericano
محفوظ في:
| المؤلفون الرئيسيون: | , |
|---|---|
| التنسيق: | كتاب |
| اللغة: | الإسبانية |
| منشور في: |
Concepción
Sello Editorial Universidad de Concepción
2015
Concepción Universidad Católica del Maule 2015 |
| الطبعة: | 1a. ed |
| سلاسل: | Serie Cuadernos Ateneo
|
| الموضوعات: | |
| الوسوم: |
إضافة وسم
لا توجد وسوم, كن أول من يضع وسما على هذه التسجيلة!
|
MARC
| LEADER | 00000cam a2200000 a 4500 | ||
|---|---|---|---|
| 001 | UCD3225 | ||
| 003 | CL-VaPUC | ||
| 008 | 160526e20150900cl |||||||||||||||||spa|d | ||
| 020 | |a 9789562273893 | ||
| 082 | 0 | 4 | |a 808.068 |b TRO |2 21 |
| 100 | 0 | |a Troncoso Araos, Ximena |e author |9 586590 | |
| 700 | 0 | |a Rubio Rubio, Cecilia |e author |9 586591 | |
| 245 | 1 | 0 | |a Antología crítica del relato infantil sudamericano |
| 250 | |a 1a. ed | ||
| 300 | |a 255 p | ||
| 942 | |c BK | ||
| 945 | |d 20160526 21:26:00 |a arojas | ||
| 260 | |a Concepción |b Sello Editorial Universidad de Concepción |c 2015 | ||
| 260 | |a Concepción |b Universidad Católica del Maule |c 2015 | ||
| 650 | 0 | |a Literatura infantil |9 307465 | |
| 650 | 0 | |a Crítica e interpretación |9 255042 | |
| 651 | 0 | |a Sudamérica |9 349320 | |
| 583 | |a last modification |c 20160526 21:26:00 |k Rodrigo Vera | ||
| 490 | 0 | |a Serie Cuadernos Ateneo | |
| 999 | |c 364262 |d 364260 | ||
| 952 | |0 0 |1 0 |3 erb |4 0 |6 808_068000000000000_TRO_2015_2015 |7 0 |8 A |9 477242 |a BIBEDU |b BIBEDU |i 5288401 |o 808.068 TRO 2015 2015 |p 5288401 |r 2019-11-24 |w 2019-11-24 |y BK |z Catalogado en:20160526 |k LIT | ||
| 952 | |0 0 |1 0 |3 erb |4 0 |6 808_068000000000000_TRO_2015_2015 |7 0 |8 A |9 477243 |a BIBEDU |b BIBEDU |i 528841K |o 808.068 TRO 2015 2015 |p 528841K |r 2019-11-24 |w 2019-11-24 |y BK |z Catalogado en:20160526 |k LIT | ||